Proportionality in Asia / (Record no. 7930)
[ view plain ]
| 000 -LEADER | |
|---|---|
| fixed length control field | 01347cam a22003138i 4500 |
| 001 - CONTROL NUMBER | |
| control field | 21410995 |
| 003 - CONTROL NUMBER IDENTIFIER | |
| control field | OSt |
| 005 - DATE AND TIME OF LATEST TRANSACTION | |
| control field | 20220120092132.0 |
| 008 - FIXED-LENGTH DATA ELEMENTS--GENERAL INFORMATION | |
| fixed length control field | 200131s2020 enk 101 0 eng |
| 020 ## - INTERNATIONAL STANDARD BOOK NUMBER | |
| International Standard Book Number | 0-471-92691-4 |
| 040 ## - CATALOGING SOURCE | |
| Original cataloging agency | DDC |
| Language of cataloging | eng |
| Transcribing agency | GU |
| Modifying agency | TODS |
| 111 2# - MAIN ENTRY--MEETING NAME | |
| Meeting name or jurisdiction name as entry element | Proportionality in Asia (Conference) |
| Date of meeting | (2018 : |
| Location of meeting | University of Hong Kong) |
| 245 10 - TITLE STATEMENT | |
| Title | Proportionality in Asia / |
| Statement of responsibility, etc. | edited by Po Jen Yap, The University of Hong Kong. |
| 263 ## - PROJECTED PUBLICATION DATE | |
| Projected publication date | 2008 |
| 264 #1 - PRODUCTION, PUBLICATION, DISTRIBUTION, MANUFACTURE, AND COPYRIGHT NOTICE | |
| Place of production, publication, distribution, manufacture | Cambridge, United Kingdom ; |
| Name of producer, publisher, distributor, manufacturer | Cambridge University Press, |
| Date of production, publication, distribution, manufacture, or copyright notice | 2020. |
| 300 ## - PHYSICAL DESCRIPTION | |
| Extent | xi,242p.;ills., |
| Dimensions | 20cm |
| 500 ## - GENERAL NOTE | |
| General note | Includes index. |
| 505 0# - FORMATTED CONTENTS NOTE | |
| Formatted contents note | |
| 650 #0 - SUBJECT ADDED ENTRY--TOPICAL TERM | |
| Topical term or geographic name as entry element | Proportionality in law |
| Geographic subdivision | East Asia |
| Form subdivision | Congresses. |
| 650 #0 - SUBJECT ADDED ENTRY--TOPICAL TERM | |
| Topical term or geographic name as entry element | Proportionality in law |
| Geographic subdivision | Southeast Asia |
| Form subdivision | Congresses. |
| 650 #0 - SUBJECT ADDED ENTRY--TOPICAL TERM | |
| Topical term or geographic name as entry element | Political questions and judicial power |
| Geographic subdivision | East Asia |
| Form subdivision | Congresses. |
| 650 #0 - SUBJECT ADDED ENTRY--TOPICAL TERM | |
| Topical term or geographic name as entry element | Political questions and judicial power |
| Geographic subdivision | Southeast Asia |
| Form subdivision | Congresses. |
| 650 #0 - SUBJECT ADDED ENTRY--TOPICAL TERM | |
| Topical term or geographic name as entry element | Civil rights |
| Geographic subdivision | East Asia |
| Form subdivision | Congresses. |
| 650 #0 - SUBJECT ADDED ENTRY--TOPICAL TERM | |
| Topical term or geographic name as entry element | Civil rights |
| Geographic subdivision | Southeast Asia |
| Form subdivision | Congresses. |
| 700 1# - ADDED ENTRY--PERSONAL NAME | |
| Personal name | Yap, Po Jen, |
| Relator term | editor |
| 710 2# - ADDED ENTRY--CORPORATE NAME | |
| Corporate name or jurisdiction name as entry element | University of Hong Kong. |
| Subordinate unit | Centre for Comparative and Public Law, |
| Relator term | sponsoring body |
| 776 08 - ADDITIONAL PHYSICAL FORM ENTRY | |
| Relationship information | Online version: |
| Title | Proportionality in Asia |
| Place, publisher, and date of publication | Cambridge, United Kingdom ; |
| Main entry heading | New York, NY, USA Cambridge University Press, 2020. |
| International Standard Book Number | 9781108862950 |
| Record control number | (DLC) 2020004404 |
| 942 ## - ADDED ENTRY ELEMENTS (KOHA) | |
| Source of classification or shelving scheme | Dewey Decimal Classification |
| Koha item type | Book |
| Withdrawn status | Lost status | Source of classification or shelving scheme | Damaged status | Not for loan | Home library | Current library | Shelving location | Date acquired | Source of acquisition | Inventory number | Total Checkouts | Full call number | Barcode | Date last seen | Price effective from | Koha item type |
|---|---|---|---|---|---|---|---|---|---|---|---|---|---|---|---|---|
| Dewey Decimal Classification | Main Library West Wing | Main Library West Wing | General Stacks | 20/01/2022 | UNSW | 0038259 | 615.32 CIB | GU-MLW22010002 | 20/01/2022 | 20/01/2022 | Book |
